000 00610nam a22001697a 4500
082 _a631.587
_bMOR
_cL-Tech, P-153
100 1 _aMorton, W. E.,
_944567
245 1 0 _aMemoranda on irrigation by Rajbuhas
_cby W.E. Morton ; with report and details of Rajbuhas, by F. Whiting.
260 _aRoorkee :
_bPrinted at the Thomason College Press,
_c1856.
300 _a95 p. :
_bfolded plans ;
_c21 cm.
500 _aCover title: Irrigation by Rajbuhas.
526 _a0
_b0
_c0
_d631_587000000000000_MOR
650 0 _aIrrigation
_zIndia.
_944568
650 0 _aMCE
_9379
700 1 _aWhiting, F.
_944569
942 _2ddc
_cBK
999 _c548327
_d548327